书目信息 |
| 题名: |
元诗选
|
|
| 作者: | 顾嗣立 编 | |
| 分册: | 初集 | |
| 出版信息: | 北京 中华书局 1987 |
|
| 页数: | 839页 | |
| 开本: | 20cm | |
| 丛书名: | ||
| 单 册: | ||
| 中图分类: | I222.747 | |
| 科图分类: | ||
| 主题词: | 诗歌--中国 , 韵文--中国 | |
| 电子资源: | ||
| ISBN: | 7-101-00020-7 | |
| 000 | 00589nam0 2200217 45 | |
| 001 | 0203261305 | |
| 005 | 20060519094640.70 | |
| 010 | @b精装@a7-101-00020-7@dCNY18.20(全三册) | |
| 091 | @a10018.571 | |
| 100 | @a20020326d1987 km y0chiy0120 ea | |
| 101 | @achi | |
| 105 | @a z 000gy | |
| 200 | 1 | @a元诗选@AYuan Shi Xuan@h初集@h一@f(清)顾嗣立编@F(Qing)Gu Si Li Bian |
| 210 | @a北京@c中华书局@d1987 | |
| 215 | @a839页@d20cm | |
| 606 | 0 | @a诗歌@x中国 |
| 606 | 0 | @a韵文@x中国 |
| 690 | @aI222.747@v3 | |
| 701 | 0 | @a顾嗣立@4编 |
| 801 | @aCN@bTSTC@c20060519 | |
| 905 | @dI222.747@e307:1(1) | |
| 元诗选.初集.一/(清)顾嗣立编.-北京:中华书局,1987 |
| 839页;20cm |
| ISBN 7-101-00020-7(精装):CNY18.20(全三册) |
| ● |
| 相关链接 |
|
|
|
|
正题名:元诗选
索取号:I222.747/307:1(1)
 
预约/预借
| 序号 | 登录号 | 条形码 | 馆藏地/架位号 | 状态 | 备注 |
| 1 | 0202657 | 202355307 | 密集书库/ [索取号:I222.747/307:1(1)] | 在馆 | |
| 2 | 0202658 | 001732913 | 密集书库/ [索取号:I222.747/307:1(1)] | 在馆 |